LIBRARY ONLINE CATALOGUE

Advanced financial accounting / (Record no. 8878)

MARC details
000 -LEADER
fixed length control field 00593cam a22002052 4500
001 - CONTROL NUMBER
control field 0000019214
005 - DATE AND TIME OF LATEST TRANSACTION
control field 20151217152148.0
008 - FIXED-LENGTH DATA ELEMENTS--GENERAL INFORMATION
fixed length control field 101021s xx 000 0 eng d
020 ## - INTERNATIONAL STANDARD BOOK NUMBER
International Standard Book Number 0071276165 :
040 ## - CATALOGING SOURCE
Original cataloging agency KABU
Transcribing agency KABU
245 10 - TITLE STATEMENT
Title Advanced financial accounting /
Statement of responsibility, etc. Richard E. Baker ... [et al.].
250 ## - EDITION STATEMENT
Edition statement 8th ed.
260 ## - PUBLICATION, DISTRIBUTION, ETC. (IMPRINT)
Place of publication, distribution, etc. Boston :
Name of publisher, distributor, etc. McGraw-Hill,
Date of publication, distribution, etc. 2009.
300 ## - PHYSICAL DESCRIPTION
Extent xxvi, 1058 p.
650 #0 - SUBJECT ADDED ENTRY--TOPICAL TERM
Topical term or geographic name as entry element Accounting.
-- 0000148321
700 1# - ADDED ENTRY--PERSONAL NAME
Personal name Baker, Richard E.
-- 0000178858
852 1# - LOCATION
-- p1916.20
908 ## - PUT COMMAND PARAMETER (RLIN)
Put command parameter 101021
950 ## - LOCAL HOLDINGS (RLIN)
-- 1
Holdings
Withdrawn status Lost status Source of classification or shelving scheme Not for loan Home library Current library Date acquired Total Checkouts Full call number Barcode Date last seen Price effective from Koha item type Cost, normal purchase price Date last checked out
    Library of Congress Classification   Kabarak, Main Campus Kabarak, Main Campus 17/12/2015   HF5635 .A38 2009 c. 1 23600 02/08/2024 17/12/2015 General Collection    
    Library of Congress Classification   Kabarak, Main Campus Kabarak, Main Campus 17/12/2015 1 HF5635 .A38 2009 c. 2 022505 02/08/2024 17/12/2015 General Collection 4450.00 15/07/2019